[Event "GER-chT Christmas U20"]
[Site "Playchess.com INT"]
[Date "2020.12.29"]
[Round "5.2"]
[White "Fasshauer, Jacob"]
[Black "Kamp, Adrian"]
[Result "1/2-1/2"]
[WhiteElo "2127"]
[BlackElo "1982"]
[PlyCount "69"]
[EventDate "2020.12.29"]
[EventType "team-swiss (blitz)"]
[EventRounds "7"]
[EventCountry "GER"]
[SourceTitle "CBM 200 Extra"]
[Source "ChessBase"]
[SourceDate "2021.03.31"]
[SourceVersion "1"]
[SourceVersionDate "2021.03.31"]
[SourceQuality "1"]
[WhiteTeam "Leipzig SG"]
[BlackTeam "Muenster"]
[WhiteTeamCountry "GER"]
[BlackTeamCountry "GER"]

1. e4 c5 2. c3 d5 3. exd5 Qxd5 4. d4 Nf6 5. Nf3 Bg4 6. Nbd2 e6 7. Bc4 Qd8 8. Qa4+ Nc6 9. Ne5 Qc7 10. Ndf3 Bxf3 11. Nxf3 Be7 12. Bg5 cxd4 13. cxd4 0-0 14. 0-0 a6 15. Bd3 b5 16. Qc2 Qb6 17. Bxf6 Bxf6 18. Bxh7+ Kh8 19. Be4 Rac8 20. Bxc6 Rxc6 21. Qd2 Rd8 22. Rfd1 Rcd6 23. Kf1 Bxd4 24. Nxd4 Rxd4 25. Qe2 Qd6 26. Rxd4 Qxd4 27. Rc1 Qf4 28. Rc3 Kg8 29. g3 Qf5 30. Qc2 Qd5 31. Rc8 Qh1+ 32. Ke2 Qd5 33. Kf1 Qh1+ 34. Ke2 Qd5 35. Kf1 1/2-1/2

[Event "GER-chT Christmas U20"]
[Site "Playchess.com INT"]
[Date "2020.12.29"]
[Round "4.2"]
[White "Sieber, Fiona"]
[Black "Fasshauer, Jacob"]
[Result "1-0"]
[WhiteElo "2275"]
[BlackElo "2127"]
[PlyCount "51"]
[EventDate "2020.12.29"]
[EventType "team-swiss (blitz)"]
[EventRounds "7"]
[EventCountry "GER"]
[SourceTitle "CBM 200 Extra"]
[Source "ChessBase"]
[SourceDate "2021.03.31"]
[SourceVersion "1"]
[SourceVersionDate "2021.03.31"]
[SourceQuality "1"]
[WhiteTeam "Magdeburg Aufbau Elbe"]
[BlackTeam "Leipzig SG"]
[WhiteTeamCountry "GER"]
[BlackTeamCountry "GER"]

1. e4 c5 2. Nf3 e6 3. d4 cxd4 4. Nxd4 Nc6 5. Nc3 Qc7 6. f4 Nxd4 7. Qxd4 Nf6 8. Be3 Ng4 9. Bg1 Qxf4 10. Be2 h5 11. g3 Qe5 12. Qxe5 Nxe5 13. Nb5 Kd8 14. Bxa7 d6 15. 0-0-0 Bd7 16. a4 Be7 17. Bb6+ Kc8 18. a5 Bxb5 19. Bxb5 Nd7 20. Bxd7+ Kxd7 21. Rd3 Rhc8 22. Rf1 Bf6 23. e5 Bxe5 24. Rxf7+ Kc6 25. c4 Rf8 26. Rc7# 1-0

[Event "GER-chT U16"]
[Site "Aurich"]
[Date "2018.12.30"]
[Round "7.2"]
[White "Kartsev, Nikolaj"]
[Black "Fasshauer, Jacob"]
[Result "1-0"]
[WhiteElo "2055"]
[BlackElo "2062"]
[PlyCount "81"]
[EventDate "2018.12.27"]
[EventType "team-swiss"]
[EventRounds "7"]
[EventCountry "GER"]
[SourceTitle "CBM 188 Extra"]
[Source "ChessBase"]
[SourceDate "2019.02.28"]
[SourceVersion "1"]
[SourceVersionDate "2019.02.28"]
[SourceQuality "1"]
[WhiteTeam "Brackel"]
[BlackTeam "Leipzig SG"]
[WhiteTeamCountry "GER"]
[BlackTeamCountry "GER"]

1. e4 c5 2. Nf3 e6 3. b3 Nc6 4. Bb2 Nf6 5. Nc3 a6 6. d4 cxd4 7. Nxd4 Qc7 8. Be2 Bb4 9. 0-0 0-0 10. Nxc6 dxc6 11. Qd4 Bd6 12. g3 e5 13. Qe3 Bh3 14. Rfd1 Rad8 15. Rd3 Qe7 16. Qg5 h6 17. Qh4 Bc8 18. Kg2 Bc7 19. f4 Rxd3 20. cxd3 Qc5 21. Rf1 Qe3 22. Bc1 Qd4 23. Bb2 Ba5 24. Nd1 Qb4 25. Bxe5 Qd2 26. Rf2 Bb6 27. Bxf6 Bxf2 28. Kxf2 gxf6 29. Ne3 Kg7 30. e5 fxe5 31. f5 f6 32. Qg4+ Kf7 33. Qg6+ Ke7 34. Qg7+ Rf7 35. Qxh6 Qc3 36. Bh5 Qd2+ 37. Kf3 Qxh2 38. Qg6 e4+ 39. Kxe4 Qh1+ 40. Kf4 Qh2 41. Qxf7+ 1-0

[Event "GER-chT U16"]
[Site "Aurich"]
[Date "2018.12.29"]
[Round "6.2"]
[White "Fasshauer, Jacob"]
[Black "Engert, Kiyan"]
[Result "1/2-1/2"]
[WhiteElo "2062"]
[BlackElo "1718"]
[PlyCount "58"]
[EventDate "2018.12.27"]
[EventType "team-swiss"]
[EventRounds "7"]
[EventCountry "GER"]
[SourceTitle "CBM 188 Extra"]
[Source "ChessBase"]
[SourceDate "2019.02.28"]
[SourceVersion "1"]
[SourceVersionDate "2019.02.28"]
[SourceQuality "1"]
[WhiteTeam "Leipzig SG"]
[BlackTeam "Biebertal"]
[WhiteTeamCountry "GER"]
[BlackTeamCountry "GER"]

1. e4 e5 2. Nf3 Nc6 3. Bc4 Nf6 4. d3 Be7 5. 0-0 0-0 6. Re1 d6 7. a4 Bg4 8. c3 Re8 9. Nbd2 h6 10. h3 Bh5 11. Nf1 Nh7 12. Ng3 Bg6 13. a5 a6 14. b4 Ng5 15. Nh2 Ne6 16. Ng4 Bg5 17. Ne3 Nf4 18. Nd5 Qd7 19. Qf3 Nxd5 20. Bxd5 Bxc1 21. Raxc1 Rab8 22. Bc4 Kh8 23. Re3 Rf8 24. Qg4 Rbd8 25. Bd5 Nb8 26. Rce1 c6 27. Bb3 Qxg4 28. hxg4 f6 29. d4 Bf7 1/2-1/2

[Event "GER-chT U16"]
[Site "Aurich"]
[Date "2018.12.28"]
[Round "4.2"]
[White "Fasshauer, Jacob"]
[Black "Holinka, Henning"]
[Result "1/2-1/2"]
[WhiteElo "2062"]
[BlackElo "2108"]
[PlyCount "89"]
[EventDate "2018.12.27"]
[EventType "team-swiss"]
[EventRounds "7"]
[EventCountry "GER"]
[SourceTitle "CBM 188 Extra"]
[Source "ChessBase"]
[SourceDate "2019.02.28"]
[SourceVersion "1"]
[SourceVersionDate "2019.02.28"]
[SourceQuality "1"]
[WhiteTeam "Leipzig SG"]
[BlackTeam "Hamburger SK"]
[WhiteTeamCountry "GER"]
[BlackTeamCountry "GER"]

1. e4 g6 2. d4 Bg7 3. Nf3 d6 4. c3 Nd7 5. Bd3 e5 6. 0-0 Ne7 7. Re1 0-0 8. Nbd2 b6 9. Nc4 Bb7 10. a4 a5 11. h3 h6 12. Bc2 exd4 13. Nxd4 Nc5 14. Bf4 Ne6 15. Be3 d5 16. Nxe6 fxe6 17. exd5 exd5 18. Na3 Nf5 19. Nb5 c5 20. Qg4 Qf6 21. Bf4 Rae8 22. Nc7 Rxe1+ 23. Rxe1 Nd4 24. cxd4 Qxf4 25. Qxf4 Rxf4 26. Ne6 Rf7 27. dxc5 bxc5 28. Nxc5 Bd4 29. Nd3 Ba6 30. Rd1 Bxd3 31. Rxd3 Bxf2+ 32. Kh2 Rd7 33. Bb3 Kg7 34. Bxd5 Bc5 35. b3 Bd6+ 36. Kg1 Be5 37. Kf2 Bf6 38. Kf3 h5 39. Rd1 Bc3 40. Ke4 Bb4 41. Rf1 Re7+ 42. Kd4 Rc7 43. Ke5 Re7+ 44. Be6 Rc7 45. Bc4 1/2-1/2

[Event "GER-chT U16"]
[Site "Aurich"]
[Date "2018.12.27"]
[Round "1.2"]
[White "Hurm, Moritz"]
[Black "Fasshauer, Jacob"]
[Result "1-0"]
[WhiteElo "1789"]
[BlackElo "2062"]
[PlyCount "45"]
[EventDate "2018.12.27"]
[EventType "team-swiss"]
[EventRounds "7"]
[EventCountry "GER"]
[SourceTitle "CBM 188 Extra"]
[Source "ChessBase"]
[SourceDate "2019.02.28"]
[SourceVersion "1"]
[SourceVersionDate "2019.02.28"]
[SourceQuality "1"]
[WhiteTeam "Hohentuebingen"]
[BlackTeam "Leipzig SG"]
[WhiteTeamCountry "GER"]
[BlackTeamCountry "GER"]

1. e4 c5 2. Nf3 e6 3. d4 cxd4 4. Nxd4 Nc6 5. Nc3 Qc7 6. Be2 a6 7. Be3 b5 8. Nxc6 Qxc6 9. Bf3 Bb7 10. a3 Qc7 11. 0-0 Ne7 12. Re1 Ng6 13. Nd5 exd5 14. exd5 Ne5 15. d6 Bxf3 16. dxc7 Bxd1 17. Ba7 d6 18. Raxd1 Kd7 19. Bb8 Be7 20. Rxe5 f6 21. Red5 Kc6 22. Rh5 g6 23. Rxh7 1-0

[Event "Oberliga Ost-A 1819"]
[Site "Germany"]
[Date "2018.12.15"]
[Round "4.7"]
[White "Richter, Philipp2"]
[Black "Fasshauer, Jacob"]
[Result "1/2-1/2"]
[WhiteElo "2015"]
[BlackElo "2056"]
[PlyCount "54"]
[EventDate "2018.10.21"]
[EventType "team-tourn"]
[EventRounds "11"]
[EventCountry "GER"]
[SourceTitle "EXT 2020"]
[Source "ChessBase"]
[SourceDate "2019.10.17"]
[SourceVersion "1"]
[SourceVersionDate "2019.10.17"]
[SourceQuality "1"]
[WhiteTeam "Dresden USV TU II"]
[BlackTeam "Leipzig SG II"]
[WhiteTeamCountry "GER"]
[BlackTeamCountry "GER"]

1. d4 Nf6 2. c4 e6 3. Nc3 Bb4 4. Qc2 0-0 5. Nf3 c5 6. dxc5 Na6 7. g3 Nxc5 8. Bg2 b6 9. 0-0 Bxc3 10. Qxc3 Bb7 11. b3 Qe7 12. Bb2 d6 13. Qd4 Rfd8 14. Qh4 e5 15. Rad1 Qe8 16. g4 a5 17. g5 Nfe4 18. Nd2 Nxd2 19. Rxd2 Bxg2 20. Kxg2 Ra7 21. Rfd1 Rad7 22. Qg4 Qe7 23. h4 f6 24. gxf6 Qxf6 25. f3 Qf7 26. Ba3 h5 27. Qg3 Qf5 1/2-1/2

[Event "Oberliga Ost-A 1819"]
[Site "Germany"]
[Date "2018.11.11"]
[Round "3.8"]
[White "Mueller, Giso"]
[Black "Fasshauer, Jacob"]
[Result "1/2-1/2"]
[WhiteElo "2123"]
[BlackElo "2056"]
[PlyCount "50"]
[EventDate "2018.10.21"]
[EventType "team-tourn"]
[EventRounds "11"]
[EventCountry "GER"]
[SourceTitle "EXT 2020"]
[Source "ChessBase"]
[SourceDate "2019.10.17"]
[SourceVersion "1"]
[SourceVersionDate "2019.10.17"]
[SourceQuality "1"]
[WhiteTeam "Leipzig VfB"]
[BlackTeam "Leipzig SG II"]
[WhiteTeamCountry "GER"]
[BlackTeamCountry "GER"]

1. e4 c5 2. d4 cxd4 3. c3 dxc3 4. Nxc3 e6 5. Nf3 Nc6 6. Bc4 a6 7. 0-0 Be7 8. Qe2 d6 9. Rd1 Qc7 10. Bf4 Nf6 11. Rac1 0-0 12. Bb3 e5 13. Be3 Bg4 14. h3 Bh5 15. Nd5 Qd8 16. Bb6 Qd7 17. Ba4 Rac8 18. Rc4 Qe6 19. Bb3 Bd8 20. Qe3 Nd7 21. Bxd8 Rcxd8 22. g4 Bg6 23. Ng5 Qe8 24. Nc7 Qe7 25. Nd5 Qe8 1/2-1/2

[Event "Leipzig VfB op 25th"]
[Site "Leipzig"]
[Date "2018.03.22"]
[Round "4"]
[White "Fasshauer, Jacob"]
[Black "John, Tom"]
[Result "1-0"]
[WhiteElo "2019"]
[BlackElo "1914"]
[PlyCount "73"]
[EventDate "2018.03.20"]
[EventType "swiss"]
[EventRounds "9"]
[EventCountry "GER"]
[SourceTitle "CBM 183 Extra"]
[Source "ChessBase"]
[SourceDate "2018.04.19"]
[SourceVersion "1"]
[SourceVersionDate "2018.04.19"]
[SourceQuality "1"]

1. e4 e5 2. Nf3 Nc6 3. Bc4 Nf6 4. d3 Be7 5. 0-0 0-0 6. c3 d6 7. Bb3 Bg4 8. Nbd2 h6 9. Re1 Nh7 10. h3 Bh5 11. Nf1 Ng5 12. Bxg5 hxg5 13. g4 Bg6 14. Ng3 Na5 15. Bc2 c5 16. Qd2 Qb6 17. b3 Nc6 18. Rac1 Bh7 19. Nxg5 Bxg5 20. Qxg5 Qd8 21. Qxd8 Raxd8 22. Bd1 g6 23. g5 Kg7 24. Bg4 Bg8 25. h4 f6 26. gxf6+ Kxf6 27. Re3 a5 28. Rf1 Kg7 29. h5 Rf4 30. f3 Bf7 31. hxg6 Bxg6 32. Ne2 Rf6 33. f4 exf4 34. Nxf4 Bf7 35. Rg3 Kh6 36. Rf2 Kg5 37. Be2+ 1-0

[Event "Leipzig VfB op 25th"]
[Site "Leipzig"]
[Date "2018.03.20"]
[Round "1"]
[White "Haag, Wadim"]
[Black "Fasshauer, Jacob"]
[Result "0-1"]
[WhiteElo "1763"]
[BlackElo "2019"]
[PlyCount "94"]
[EventDate "2018.03.20"]
[EventType "swiss"]
[EventRounds "9"]
[EventCountry "GER"]
[SourceTitle "CBM 183 Extra"]
[Source "ChessBase"]
[SourceDate "2018.04.19"]
[SourceVersion "1"]
[SourceVersionDate "2018.04.19"]
[SourceQuality "1"]

1. d4 Nf6 2. c4 e6 3. Nf3 Bb4+ 4. Bd2 c5 5. e3 b6 6. Nc3 cxd4 7. Nxd4 Bb7 8. f3 0-0 9. Bd3 Nc6 10. Nc2 Be7 11. 0-0 Rc8 12. b3 Ne5 13. Be2 d5 14. cxd5 Nxd5 15. Nxd5 Qxd5 16. e4 Qd7 17. Ne1 Bc5+ 18. Kh1 Rfd8 19. Bf4 Qxd1 20. Rxd1 Rxd1 21. Bxd1 Ng6 22. Bg3 Ba6 23. Rf2 Bxf2 24. Bxf2 Rc1 25. Bc2 Ne5 26. b4 Bd3 27. Bb3 Bb5 28. Bc2 Bd3 29. Bb3 Bxe4 30. fxe4 Nd3 31. Kg1 Nxe1 32. Be3 Rc7 33. Bf4 Rc8 34. Kf1 Nd3 35. Bd2 Nc1 36. Ba4 Nxa2 37. Kf2 Nc3 38. Bc2 Nb5 39. Bd3 Nd6 40. g4 Nc4 41. Bc3 a5 42. bxa5 bxa5 43. Ke2 a4 44. Kd1 Ne3+ 45. Kd2 Nxg4 46. h3 Nf2 47. Ba6 Nxe4+ 0-1

[Event "GER-chT U14"]
[Site "Duesseldorf"]
[Date "2016.12.30"]
[Round "7.1"]
[White "Fasshauer, Jacob"]
[Black "Garbuz, Vitaliy"]
[Result "1/2-1/2"]
[WhiteElo "1890"]
[BlackElo "1865"]
[PlyCount "126"]
[EventDate "2016.12.27"]
[EventType "team-swiss"]
[EventRounds "7"]
[EventCountry "GER"]
[SourceTitle "EXT 2022"]
[Source "ChessBase"]
[SourceDate "2021.10.06"]
[SourceVersion "1"]
[SourceVersionDate "2021.10.06"]
[SourceQuality "1"]
[WhiteTeam "Leipzig SG U14"]
[BlackTeam "Brackel U14"]
[WhiteTeamCountry "GER"]
[BlackTeamCountry "GER"]

1. e4 e5 2. Nf3 Nc6 3. Bc4 Nf6 4. d3 Be7 5. 0-0 0-0 6. Re1 d6 7. c3 Na5 8. Bb5 a6 9. Ba4 b5 10. Bc2 c5 11. Nbd2 Re8 12. Nf1 Nc6 13. Ng3 Be6 14. h3 h6 15. d4 cxd4 16. cxd4 exd4 17. Nxd4 Nxd4 18. Qxd4 Rc8 19. Bb3 d5 20. Be3 Bc5 21. Qd3 Bxe3 22. Qxe3 Nxe4 23. Nxe4 dxe4 24. Rad1 Qh4 25. Rd4 Bxb3 26. Qxb3 Qf6 27. Red1 Rcd8 28. Rxd8 Rxd8 29. Rxd8+ Qxd8 30. Qc3 Qf6 31. Qc2 Qe6 32. Qc5 Qxa2 33. Qc8+ Kh7 34. h4 Qe6 35. Qc5 Qc4 36. Qf5+ g6 37. Qf4 h5 38. Kh2 Qe6 39. b4 Qc4 40. g4 e3 41. Qxe3 Qxb4 42. Qf3 Qd6+ 43. Kh1 Qe7 44. gxh5 Qxh4+ 45. Kg1 Qc4 46. hxg6+ Kxg6 47. Qg3+ Kf5 48. f3 Qc1+ 49. Kf2 Qd2+ 50. Kf1 b4 51. Qg4+ Ke5 52. Qg7+ Ke6 53. Qg4+ Kd6 54. Qc8 Qd3+ 55. Kf2 Qb5 56. Qf8+ Ke6 57. Qc8+ Kd5 58. Qf5+ Kc4 59. Qc2+ Kd4 60. Qb2+ Kd5 61. Qd2+ Ke6 62. Qe3+ Kd7 63. Qa7+ Ke6 1/2-1/2

[Event "GER-chT U14"]
[Site "Duesseldorf"]
[Date "2016.12.29"]
[Round "6.1"]
[White "Fasshauer, Jacob"]
[Black "Stirnberg, Noah"]
[Result "1/2-1/2"]
[WhiteElo "1957"]
[BlackElo "1766"]
[PlyCount "55"]
[EventDate "2016.12.27"]
[EventType "team-swiss"]
[EventRounds "7"]
[EventCountry "GER"]
[SourceTitle "EXT 2018"]
[Source "ChessBase"]
[SourceDate "2017.10.13"]
[SourceVersion "1"]
[SourceVersionDate "2017.10.13"]
[SourceQuality "1"]
[WhiteTeam "Leipzig SG U14"]
[BlackTeam "Paderborn Blauer Springer U14"]
[WhiteTeamCountry "GER"]
[BlackTeamCountry "GER"]

1. e4 c5 2. Nc3 Nc6 3. g3 g6 4. Bg2 Bg7 5. d3 e6 6. Nh3 Nge7 7. 0-0 d5 8. exd5 exd5 9. Nf4 d4 10. Ncd5 0-0 11. Nxe7+ Nxe7 12. a4 Rb8 13. Bd2 b6 14. Re1 Bb7 15. Bxb7 Rxb7 16. Qf3 Rd7 17. Re2 Nd5 18. Rae1 Nf6 19. Nh3 Qa8 20. Qxa8 Rxa8 21. Bg5 Kf8 22. Bxf6 Bxf6 23. Kg2 Re7 24. Kf3 Rae8 25. Re4 Be5 26. Nf4 f5 27. R4e2 Bxf4 28. Rxe7 1/2-1/2

[Event "GER-chT U14"]
[Site "Duesseldorf"]
[Date "2016.12.29"]
[Round "5.1"]
[White "Staufenberger, Philipp"]
[Black "Fasshauer, Jacob"]
[Result "1/2-1/2"]
[WhiteElo "1829"]
[BlackElo "1957"]
[PlyCount "66"]
[EventDate "2016.12.27"]
[EventType "team-swiss"]
[EventRounds "7"]
[EventCountry "GER"]
[SourceTitle "EXT 2018"]
[Source "ChessBase"]
[SourceDate "2017.10.13"]
[SourceVersion "1"]
[SourceVersionDate "2017.10.13"]
[SourceQuality "1"]
[WhiteTeam "Hohentuebingen U14"]
[BlackTeam "Leipzig SG U14"]
[WhiteTeamCountry "GER"]
[BlackTeamCountry "GER"]

1. d4 Nf6 2. c4 g6 3. Nc3 Bg7 4. e4 d6 5. Nf3 0-0 6. Be2 Na6 7. 0-0 e5 8. Re1 exd4 9. Nxd4 Nc5 10. f3 a5 11. Bf1 Re8 12. Bg5 c6 13. Qd2 Qb6 14. Kh1 Be6 15. Rad1 Rad8 16. Qf2 h6 17. Be3 Nfd7 18. Nb3 Qb4 19. Nxc5 Nxc5 20. e5 Bxc4 21. Rd4 Bxf1 22. Rxb4 axb4 23. Bxc5 dxc5 24. Ne4 Bc4 25. Nf6+ Bxf6 26. exf6 Bxa2 27. h3 Rxe1+ 28. Qxe1 Be6 29. Qe3 Kh7 30. Qxc5 b3 31. Qe7 Rc8 32. f4 b5 33. g4 Rg8 1/2-1/2

[Event "GER-chT U14"]
[Site "Duesseldorf"]
[Date "2016.12.28"]
[Round "3.1"]
[White "Righi, Sofian"]
[Black "Fasshauer, Jacob"]
[Result "1/2-1/2"]
[WhiteElo "1795"]
[BlackElo "1957"]
[PlyCount "52"]
[EventDate "2016.12.27"]
[EventType "team-swiss"]
[EventRounds "7"]
[EventCountry "GER"]
[SourceTitle "EXT 2018"]
[Source "ChessBase"]
[SourceDate "2017.10.13"]
[SourceVersion "1"]
[SourceVersionDate "2017.10.13"]
[SourceQuality "1"]
[WhiteTeam "Duesseldorf SK U14"]
[BlackTeam "Leipzig SG U14"]
[WhiteTeamCountry "GER"]
[BlackTeamCountry "GER"]

1. d4 Nf6 2. c4 g6 3. Nc3 Bg7 4. e4 d6 5. f3 0-0 6. Be3 Nc6 7. Nge2 a6 8. Qd2 Na5 9. Ng3 b5 10. cxb5 axb5 11. Qc2 c6 12. b4 Nc4 13. Bxc4 bxc4 14. 0-0 Nd7 15. Rfd1 Ba6 16. a4 e6 17. f4 Bh6 18. Qf2 f5 19. e5 d5 20. Rdb1 Nb6 21. Qd2 Qc7 22. Ra2 Ra7 23. Rba1 Rfa8 24. b5 cxb5 25. Nxb5 Bxb5 26. axb5 Bf8 1/2-1/2

[Event "Leipzig VfB op 23rd"]
[Site "Leipzig"]
[Date "2016.03.16"]
[Round "3"]
[White "Fasshauer, Jacob"]
[Black "Loyal, Martin"]
[Result "1-0"]
[WhiteElo "1786"]
[BlackElo "1616"]
[PlyCount "57"]
[EventDate "2016.03.15"]
[EventType "swiss"]
[EventRounds "9"]
[EventCountry "GER"]
[SourceTitle "EXT 2017"]
[Source "ChessBase"]
[SourceDate "2016.10.25"]
[SourceVersion "1"]
[SourceVersionDate "2016.10.25"]
[SourceQuality "1"]

1. e4 c5 2. Nc3 Nc6 3. g3 d6 4. Bg2 Nf6 5. d3 g6 6. Nh3 Bg7 7. 0-0 Qb6 8. Kh1 Bd7 9. f4 0-0-0 10. Nf2 h5 11. h3 e5 12. Rb1 Nd4 13. fxe5 dxe5 14. Bg5 Bh6 15. Nd5 Nxd5 16. Bxd8 Qxd8 17. exd5 f5 18. c3 Nb5 19. a4 Nd6 20. b4 Qg5 21. Qf3 c4 22. h4 Qf6 23. Ne4 Nxe4 24. dxe4 f4 25. Qe2 g5 26. gxf4 gxf4 27. Qf2 Rg8 28. b5 Rg3 29. Qxg3 1-0

[Event "GER-chT U16"]
[Site "Lingen"]
[Date "2015.12.29"]
[Round "6.3"]
[White "Fasshauer, Jacob"]
[Black "Zimmer, Raphael"]
[Result "0-1"]
[WhiteElo "1719"]
[BlackElo "1992"]
[PlyCount "40"]
[EventDate "2015.12.27"]
[EventType "team-swiss"]
[EventRounds "7"]
[EventCountry "GER"]
[SourceTitle "EXT 2017"]
[Source "ChessBase"]
[SourceDate "2016.10.25"]
[SourceVersion "1"]
[SourceVersionDate "2016.10.25"]
[SourceQuality "1"]
[WhiteTeam "Leipzig SG"]
[BlackTeam "Sasbach"]
[WhiteTeamCountry "GER"]
[BlackTeamCountry "GER"]

1. e4 e5 2. Nf3 Nc6 3. Bc4 Bc5 4. 0-0 Nf6 5. d4 exd4 6. e5 d5 7. exf6 dxc4 8. fxg7 Rg8 9. Bg5 Be7 10. Bxe7 Kxe7 11. Re1+ Be6 12. Nbd2 Kf6 13. Ne4+ Kxg7 14. Qd2 Kh8 15. Neg5 Qf6 16. Kh1 Qg6 17. g3 Bd5 18. h4 h6 19. Kg2 hxg5 20. hxg5 Qh5 0-1

[Event "GER-chT U16"]
[Site "Lingen"]
[Date "2015.12.28"]
[Round "4.3"]
[White "Acikel, Mert"]
[Black "Fasshauer, Jacob"]
[Result "0-1"]
[WhiteElo "1793"]
[BlackElo "1719"]
[PlyCount "96"]
[EventDate "2015.12.27"]
[EventType "team-swiss"]
[EventRounds "7"]
[EventCountry "GER"]
[SourceTitle "EXT 2017"]
[Source "ChessBase"]
[SourceDate "2016.10.25"]
[SourceVersion "1"]
[SourceVersionDate "2016.10.25"]
[SourceQuality "1"]
[WhiteTeam "Berlin Mattnetz"]
[BlackTeam "Leipzig SG"]
[WhiteTeamCountry "GER"]
[BlackTeamCountry "GER"]

1. e4 Nf6 2. e5 Nd5 3. d4 d6 4. c4 Nb6 5. exd6 cxd6 6. Nc3 g6 7. Be3 Bg7 8. Nf3 Nc6 9. d5 Ne5 10. Nxe5 Bxe5 11. Bd4 Nd7 12. f4 Bxd4 13. Qxd4 Nf6 14. Be2 0-0 15. 0-0 Bf5 16. Kh1 Qa5 17. Bd3 Bxd3 18. Qxd3 Rac8 19. Ne4 Nxe4 20. Qxe4 Rc7 21. f5 Qb4 22. b3 Qc3 23. fxg6 hxg6 24. Rac1 Qd2 25. Rc2 Qg5 26. Rcf2 Qe5 27. Qg4 Kg7 28. Re2 Qc3 29. Qh4 Rh8 30. Qf2 Qf6 31. Qe1 Qh4 32. g3 Qg5 33. h4 Qg4 34. Kh2 Re8 35. Rf4 Qd7 36. Qf2 e5 37. dxe6 Rxe6 38. Rxe6 Qxe6 39. Qxa7 Rc5 40. Qxb7 d5 41. Rf2 dxc4 42. Qa7 Qd5 43. Rxf7+ Qxf7 44. Qxc5 cxb3 45. Qc3+ Kh7 46. axb3 Qf2+ 47. Kh3 Qf1+ 48. Kg4 Qf5# 0-1

[Event "GER-chT U16"]
[Site "Lingen"]
[Date "2015.12.27"]
[Round "1.3"]
[White "Fasshauer, Jacob"]
[Black "Kagan, Dennis"]
[Result "0-1"]
[WhiteElo "1719"]
[BlackElo "1969"]
[PlyCount "26"]
[EventDate "2015.12.27"]
[EventType "team-swiss"]
[EventRounds "7"]
[EventCountry "GER"]
[SourceTitle "EXT 2017"]
[Source "ChessBase"]
[SourceDate "2016.10.25"]
[SourceVersion "1"]
[SourceVersionDate "2016.10.25"]
[SourceQuality "1"]
[WhiteTeam "Leipzig SG"]
[BlackTeam "Porz SG"]
[WhiteTeamCountry "GER"]
[BlackTeamCountry "GER"]

1. e4 c5 2. Nc3 Nc6 3. g3 g6 4. Bg2 Bg7 5. d3 d6 6. Nh3 Nf6 7. 0-0 0-0 8. f4 Nd4 9. Nf2 Rb8 10. Nd5 Nxd5 11. exd5 h5 12. c3 Nf5 13. Ne4 b5 0-1